आरोग्यासाठी योगासने (Record no. 1252293)

MARC details
000 -LEADER
fixed length control field 00667nam a2200193Ia 4500
008 - FIXED-LENGTH DATA ELEMENTS--GENERAL INFORMATION
fixed length control field 151121s9999||||xx |||||||||||||| ||und||
082 ## - DEWEY DECIMAL CLASSIFICATION NUMBER
Classification number 613।7/देसाई
082 ## - DEWEY DECIMAL CLASSIFICATION NUMBER
Item number HNW-70820
100 ## - MAIN ENTRY--PERSONAL NAME
Personal name देसाई शं। भा।
245 ## - TITLE STATEMENT
Title आरोग्यासाठी योगासने
260 ## - PUBLICATION, DISTRIBUTION, ETC. (IMPRINT)
Name of publisher, distributor, etc "कौशिक, सातारा।"
260 ## - PUBLICATION, DISTRIBUTION, ETC. (IMPRINT)
Date of publication, distribution, etc --
300 ## - PHYSICAL DESCRIPTION
Extent 156
600 ## - SUBJECT ADDED ENTRY--PERSONAL NAME
Personal name देसाई शं। भा।
630 ## - SUBJECT ADDED ENTRY--UNIFORM TITLE
Uniform title आरोग्यासाठी योगासने
700 ## - ADDED ENTRY--PERSONAL NAME
Personal name देसाई शं। भा।
730 ## - ADDED ENTRY--UNIFORM TITLE
Uniform title आरोग्यासाठी योगासने
942 ## - ADDED ENTRY ELEMENTS (KOHA)
Koha item type Book
Holdings
Withdrawn status Lost status Damaged status Not for loan Home library Current library Date acquired Cost, normal purchase price Total Checkouts Full call number Barcode Date last seen Cost, replacement price Price effective from Koha item type
        Hirachand Nemchand Wachanalaya, Solapur Hirachand Nemchand Wachanalaya, Solapur 11/21/2015 72.00   HNW-70820 HNW-70820 11/21/2015 72.00 11/21/2015 Book